1562 1694 1149 1946 1934 1442 1973 1984 1428 1040 1794 1418 1829 1548 1138 1389 1176 1964 1786 1344 1098 1323 1280 1233 1160 1465 1935 1424 1376 1734 1742 1214 1206 1244 1087 1712 1375 1256 1341 1363 1763 1456 1711 1460 1852 1601 1317 1512 1995 1516 1345 1268 1262 1376 1012 1104 1567 1472 1440 1364 1125 1885 1782 1966 1152 1858 1709 1218 1650 1574 1333 1437 1239 1177 1840 1971 1507 1407 1251 1064 1854 1902 1047 1533 1714 1359 1786 1947 1704 1703 1665 1509 1528 1461 1287 1183 1447 1703 1204 BCNSPRNW ULIB Ver.6.0+V

เปลี่ยนเป็นภาษาไทย

Change to English
 แสดงรายละเอียดบรรณานุกรม
  กลับหน้าหลัก

Brief Record : Get Marc (ISO 2709) : E-mail record : QR code < ปิดหน้าต่าง
LEADER : 00000nam 2200000uu 4500
001    13399112924
003     ULIB
008    110627s2551||||th 000 0 tha d
020    9789740417620
090    นว.^bจ757ต 2551
100 0  เจ้าปลาน้อย
245 00 เตกีล่า 99 พนันหัวใจในเกมรัก/^cเจ้าปลาน้อย
250    พิมพ์ครั้งที่ 1
260    กรุงเทพฯ :^bแจ่มใส,^c2551
300    216 หน้า
710 1  แจ่มใส
945    ^p159^l0^i023595
995    ทศพร
999 ^a ใช้งานได้ทุกระบบ
รายการนี้ยังไม่มีแท็ก
คุณยังไม่ได้ล็อกอิน คุณสามารถมีกิจกรรมร่วมกับเว็บไซต์ได้ แต่ต้องล็อกอินก่อน ::
  ล็อกอิน

รายการสื่อสารสนเทศ

ลำดับที่ ประเภท เลขเรียก/บาร์โค้ด สถานที่ สถานะ
- ไม่พบข้อมูล -

รายการใกล้เคียง
    ผู้แต่ง [เจ้าปลาน้อย]

BibComment


ยังไม่เคยถูกคอมเมนท์

คอมเมนท์ทรัพยากรรายการนี้
  คอมเมนท์: เตกีล่า 99 พนันหั..


 Copyright 2026. Bcnsprnw @Library